| 000 | 00918nam a22003017a 4500 | ||
|---|---|---|---|
| 003 | CHAP | ||
| 005 | 20220329133159.0 | ||
| 008 | 971013s1987 r 00010 d | ||
| 010 | _a3077 | ||
| 011 | _a4049 | ||
| 035 | _a3250 | ||
| 040 | _cCHAP | ||
| 082 |
_a632.4 _bC43 |
||
| 100 | 0 | 0 |
_aCedeño Mujica, Luis Rafael. _920836 |
| 245 | _aAspectos ultra-estructurales de Rhizoctonia solani Ruehn | ||
| 260 |
_aMérida, Venezuela : _bEl autor, _c1987 |
||
| 300 |
_a92 p. _b: ilus |
||
| 500 | _aD48-135 | ||
| 590 |
_aBATCH-UPD _b10 _c20130110 _lUCH01 _h1637 |
||
| 590 |
_aBATCH-UPD _b10 _c20130410 _lUCH01 _h1028 |
||
| 590 |
_aBATCH-UPD _b10 _c20130914 _lUCH01 _h1621 |
||
| 590 |
_aCONVERSION _b10 _c20130109 _lUCH01 _h1303 |
||
| 650 | 1 | 4 |
_aHongos fitopatógenos. _956132 |
| 650 | 1 | 4 |
_aRhizoctonia solani. _997134 |
| 901 | _aBK | ||
| 942 | _cLIBRO | ||
| 949 |
_a632.4 C43 _bBC _cLIBRO _d33724000177424 _eLIBRO _h81129 _i3250 _mD _si |
||
| 999 |
_c3077 _d3077 |
||